[Event "DVM U20w 2020"]
[Site "Willingen GER"]
[Date "2021.06.26"]
[Round "6"]
[White "Peglau, Dora"]
[Black "Rudolph, Eva"]
[Result "1/2-1/2"]
[Termination "normal"]
[Board "2.2"]
[WhiteElo "1673"]
[BlackElo "1860"]
[WhiteClock "00:17:48"]
[BlackClock "00:05:37"]
[WhiteTeam "Schachzentrum Seeblick e. V."]
[BlackTeam "SK Nordhorn-Blanke"]
[PlyCount "103"]
[WhiteFideId "16220005"]
[BlackFideId "16200594"]
[EventCountry "GER"]
[EventRounds "7"]
[EventType "team-swiss"]
[EventDate "2021.06.23"]

1. Nf3 {[%clk 01:30:57] [%emt 00:00:03]} 1... c6 { [%clk 01:30:25] [%emt
00:00:36]} 2. e4 {[%clk 01:29:00] [%emt 00:02:26]} 2... g6 {[%clk 01:29:55]
[%emt 00:00:59]} 3. d4 {[%clk 01:28:37] [%emt 00:00:53]} 3... d5 {[%clk
01:29:31] [%emt 00:00:54]} 4. exd5 { [%clk 01:25:19] [%emt 00:03:49]} 4... cxd5
{[%clk 01:29:21] [%emt 00:00:40]} 5. c4 {[%clk 01:23:33] [%emt 00:02:16]} 5...
Nf6 {[%clk 01:28:12] [%emt 00:01:39]} 6. Nc3 {[%clk 01:23:03] [%emt 00:00:59]}
6... Bg7 { [%clk 01:26:44] [%emt 00:01:58]} 7. Qa4+ {[%clk 01:19:57] [%emt
00:03:36]} 7... Nc6 {[%clk 01:11:40] [%emt 00:15:35]} 8. Bg5 {[%clk 01:09:50]
[%emt 00:10:37]} 8... Be6 {[%clk 01:04:39] [%emt 00:07:31]} 9. Ne5 { [%clk
01:00:37] [%emt 00:09:43]} 9... O-O {[%clk 01:01:17] [%emt 00:03:51]} 10. Nxc6
{[%clk 00:59:20] [%emt 00:01:48]} 10... bxc6 { [%clk 01:00:22] [%emt 00:01:25]}
11. c5 {[%clk 00:52:52] [%emt 00:06:59]} 11... Qc7 {[%clk 00:53:53] [%emt
00:06:57]} 12. Bd3 {[%clk 00:48:22] [%emt 00:05:00]} 12... Bd7 {[%clk 00:49:13]
[%emt 00:05:11]} 13. O-O { [%clk 00:41:46] [%emt 00:07:06]} 13... Rab8 {[%clk
00:39:53] [%emt 00:09:49]} 14. Rab1 {[%clk 00:37:41] [%emt 00:04:35]} 14...
Rfe8 { [%clk 00:33:25] [%emt 00:06:58]} 15. Rfe1 {[%clk 00:36:09] [%emt
00:02:02]} 15... Ng4 {[%clk 00:30:55] [%emt 00:03:00]} 16. g3 { [%clk 00:28:53]
[%emt 00:07:46]} 16... e5 {[%clk 00:29:44] [%emt 00:01:41]} 17. Be2 {[%clk
00:14:17] [%emt 00:15:06]} 17... exd4 { [%clk 00:24:52] [%emt 00:05:22]} 18.
Bxg4 {[%clk 00:14:20] [%emt 00:00:27]} 18... Bxg4 {[%clk 00:17:11] [%emt
00:08:11]} 19. Bf4 { [%clk 00:14:19] [%emt 00:00:32]} 19... Be5 {[%clk
00:16:55] [%emt 00:00:46]} 20. Bxe5 {[%clk 00:14:06] [%emt 00:00:42]} 20...
Rxe5 { [%clk 00:17:15] [%emt 00:00:10]} 21. Qxd4 {[%clk 00:14:11] [%emt
00:00:26]} 21... Rxe1+ {[%clk 00:15:48] [%emt 00:01:57]} 22. Rxe1 {[%clk
00:14:39]} 22... Bf5 {[%clk 00:15:10] [%emt 00:01:08]} 23. Qf6 {[%clk 00:13:47]
[%emt 00:01:23]} 23... Be6 {[%clk 00:13:55] [%emt 00:01:44]} 24. f4 { [%clk
00:09:54] [%emt 00:04:23]} 24... Qa5 {[%clk 00:12:36] [%emt 00:01:49]} 25. Rxe6
{[%clk 00:05:52] [%emt 00:04:33]} 25... Qxc5+ { [%clk 00:09:26] [%emt
00:03:40]} 26. Kh1 {[%clk 00:06:14] [%emt 00:00:08]} 26... fxe6 {[%clk
00:08:40] [%emt 00:01:15]} 27. Qxe6+ { [%clk 00:06:35] [%emt 00:00:09]} 27...
Kg7 {[%clk 00:08:43] [%emt 00:00:27]} 28. Qe5+ {[%clk 00:06:54] [%emt
00:00:11]} 28... Kh6 { [%clk 00:06:42] [%emt 00:02:32]} 29. Qg5+ {[%clk
00:07:18] [%emt 00:00:06]} 29... Kg7 {[%clk 00:06:57] [%emt 00:00:14]} 30. Qe5+
{ [%clk 00:07:48] [%emt 00:00:01]} 30... Kh6 {[%clk 00:06:33] [%emt 00:00:54]}
31. Qxb8 {[%clk 00:08:10] [%emt 00:00:07]} 31... Qf2 { [%clk 00:05:20] [%emt
00:01:42]} 32. h4 {[%clk 00:01:22] [%emt 00:07:19]} 32... Qxg3 {[%clk 00:05:30]
[%emt 00:00:21]} 33. Qe5 {[%clk 00:01:01] [%emt 00:00:50] } 33... Qxh4+ {[%clk
00:03:09] [%emt 00:02:51]} 34. Kg2 {[%clk 00:01:30]} 34... Qg4+ {[%clk
00:03:20] [%emt 00:00:18]} 35. Kf2 {[%clk 00:01:58] [%emt 00:00:03] } 35...
Qh4+ {[%clk 00:03:09] [%emt 00:00:40]} 36. Ke2 { [%clk 00:02:27] [%emt
00:00:02]} 36... Qh2+ {[%clk 00:02:19] [%emt 00:01:20]} 37. Kd3 {[%clk
00:02:25] [%emt 00:00:32]} 37... Qg3+ { [%clk 00:01:43] [%emt 00:01:06]} 38.
Qe3 {[%clk 00:01:52] [%emt 00:01:03]} 38... Qxe3+ {[%clk 00:00:45] [%emt
00:01:28]} 39. Kxe3 {[%clk 00:02:21]} 39... Kh5 {[%clk 00:01:01] [%emt
00:00:14]} 40. Kf3 {[%clk 00:02:20] [%emt 00:00:32]} 40... g5 {[%clk 00:01:03]
[%emt 00:00:28]} 41. b4 { [%clk 00:27:08] [%emt 00:05:41]} 41... Kg6 {[%clk
00:21:38] [%emt 00:09:55]} 42. a4 {[%clk 00:21:39] [%emt 00:06:00]} 42... h5 {
[%clk 00:06:25] [%emt 00:15:42]} 43. fxg5 {[%clk 00:19:52] [%emt 00:02:17]}
43... Kxg5 {[%clk 00:06:53] [%emt 00:00:02]} 44. a5 { [%clk 00:17:48] [%emt
00:02:35]} 44... Kf5 {[%clk 00:05:37] [%emt 00:01:46]} 45. Nxd5 Ke5 46. Ne7 Kd4
47. b5 cxb5 48. Nc6+ Kc5 49. Nxa7 b4 50. a6 Kb6 51. Nb5 Kxa6 52. Nd4 1/2-1/2

[Event "DVM U20w 2020"]
[Site "Willingen GER"]
[Date "2021.06.26"]
[Round "6"]
[White "Wilmink, Anna"]
[Black "Peglau, Sarah"]
[Result "0-1"]
[Termination "normal"]
[Board "2.3"]
[WhiteElo "1552"]
[BlackElo "1733"]
[WhiteClock "00:22:01"]
[BlackClock "00:51:38"]
[WhiteTeam "SK Nordhorn-Blanke"]
[BlackTeam "Schachzentrum Seeblick e. V."]
[PlyCount "116"]
[WhiteFideId "16273680"]
[BlackFideId "16219961"]
[EventCountry "GER"]
[EventRounds "7"]
[EventType "team-swiss"]
[EventDate "2021.06.23"]

1. e4 {[%clk 01:30:55]  [%emt 00:00:04]} 1... c5 { [%clk 01:29:58]  [%emt
00:01:02]} 2. Nf3 {[%clk 01:30:54]  [%emt 00:00:32]} 2... Nc6 {[%clk 01:29:57] 
[%emt 00:00:30]} 3. d4 { [%clk 01:30:43]  [%emt 00:00:41]} 3... cxd4 {[%clk
01:30:25]  [%emt 00:00:02]} 4. Nxd4 {[%clk 01:30:58]  [%emt 00:00:15]} 4... e6
{ [%clk 01:30:28]  [%emt 00:00:27]} 5. Nc3 {[%clk 01:30:07]  [%emt 00:01:21]}
5... Bb4 {[%clk 01:30:33]  [%emt 00:00:25]} 6. Nxc6 { [%clk 01:26:46]  [%emt
00:03:51]} 6... bxc6 {[%clk 01:30:53]  [%emt 00:00:10]} 7. Qd4 {[%clk 01:24:36]
 [%emt 00:02:41]} 7... Bxc3+ { [%clk 01:28:45]  [%emt 00:02:38]} 8. Qxc3 {[%clk
01:23:53]  [%emt 00:01:13]} 8... Qf6 {[%clk 01:21:20]  [%emt 00:07:54]} 9. Qxf6
{ [%clk 01:19:45]  [%emt 00:04:38]} 9... Nxf6 {[%clk 01:21:47]  [%emt
00:00:03]} 10. e5 {[%clk 01:18:49]  [%emt 00:01:26]} 10... Nd5 { [%clk
01:21:52]  [%emt 00:00:25]} 11. c4 {[%clk 01:17:26]  [%emt 00:01:54]} 11... Nb4
{[%clk 01:21:31]  [%emt 00:00:50]} 12. Kd2 { [%clk 01:16:10]  [%emt 00:01:46]}
12... O-O {[%clk 01:20:04]  [%emt 00:01:56]} 13. a3 {[%clk 01:10:36]  [%emt
00:06:04]} 13... Na6 { [%clk 01:20:28]  [%emt 00:00:06]} 14. b4 {[%clk
01:09:56]  [%emt 00:01:11]} 14... f6 {[%clk 01:12:57]  [%emt 00:08:02]} 15. f4
{ [%clk 01:05:48]  [%emt 00:04:38]} 15... fxe5 {[%clk 01:11:33]  [%emt
00:01:53]} 16. fxe5 {[%clk 01:04:51]  [%emt 00:01:27]} 16... Nc7 { [%clk
01:08:22]  [%emt 00:03:41]} 17. Ke3 {[%clk 01:02:15]  [%emt 00:03:06]} 17...
Rf5 {[%clk 01:03:27]  [%emt 00:05:25]} 18. Bb2 { [%clk 00:59:13]  [%emt
00:03:32]} 18... Rb8 {[%clk 01:02:29]  [%emt 00:01:28]} 19. Bd3 {[%clk
00:55:21]  [%emt 00:04:22]} 19... Rg5 { [%clk 01:01:41]  [%emt 00:01:17]} 20.
Kf3 {[%clk 00:51:12]  [%emt 00:04:40]} 20... c5 {[%clk 00:57:41]  [%emt
00:04:30]} 21. h4 { [%clk 00:47:31]  [%emt 00:04:11]} 21... Bb7+ {[%clk
00:57:26]  [%emt 00:00:45]} 22. Ke3 {[%clk 00:43:32]  [%emt 00:04:30]} 22...
Rxg2 { [%clk 00:55:06]  [%emt 00:02:49]} 23. Rhb1 {[%clk 00:42:33]  [%emt
00:01:29]} 23... Rf8 {[%clk 00:53:07]  [%emt 00:02:28]} 24. Be2 { [%clk
00:38:16]  [%emt 00:04:47]} 24... Rff2 {[%clk 00:49:39]  [%emt 00:03:58]} 25.
Re1 {[%clk 00:36:06]  [%emt 00:02:41]} 25... Rh2 { [%clk 00:37:35]  [%emt
00:12:34]} 26. bxc5 {[%clk 00:31:17]  [%emt 00:05:17]} 26... Rfg2 {[%clk
00:34:45]  [%emt 00:03:23]} 27. Rab1 { [%clk 00:27:36]  [%emt 00:04:11]} 27...
Rh3+ {[%clk 00:34:49]  [%emt 00:00:25]} 28. Kd2 {[%clk 00:25:57]  [%emt
00:02:08]} 28... Be4 { [%clk 00:31:05]  [%emt 00:04:15]} 29. Ra1 {[%clk
00:23:23]  [%emt 00:03:04]} 29... Bf3 {[%clk 00:29:23]  [%emt 00:02:12]} 30.
Kd1 { [%clk 00:21:41]  [%emt 00:02:11]} 30... Bxe2+ {[%clk 00:29:18]  [%emt
00:00:35] } 31. Rxe2 {[%clk 00:20:48]  [%emt 00:01:24]} 31... Rxe2 { [%clk
00:29:20]  [%emt 00:00:28]} 32. Kxe2 {[%clk 00:20:53]  [%emt 00:00:25]} 32...
Rh2+ {[%clk 00:29:45]  [%emt 00:00:05]} 33. Kd3 { [%clk 00:20:38]  [%emt
00:00:45]} 33... Rxb2 {[%clk 00:30:07]  [%emt 00:00:07]} 34. Rd1 {[%clk
00:19:48]  [%emt 00:01:21]} 34... Rb7 { [%clk 00:29:10]  [%emt 00:01:26]} 35.
Ke4 {[%clk 00:18:20]  [%emt 00:01:59]} 35... Na6 {[%clk 00:29:01]  [%emt
00:00:39]} 36. c6 { [%clk 00:14:48]  [%emt 00:04:03]} 36... dxc6 {[%clk
00:29:03]  [%emt 00:00:27]} 37. Rd6 {[%clk 00:14:57]  [%emt 00:00:20]} 37...
Rc7 { [%clk 00:29:23]  [%emt 00:00:10]} 38. Kd4 {[%clk 00:14:06]  [%emt
00:01:22]} 38... Kf7 {[%clk 00:29:18]  [%emt 00:00:35]} 39. c5 { [%clk
00:13:27]  [%emt 00:01:09]} 39... Ke7 {[%clk 00:26:22]  [%emt 00:03:26]} 40.
Kc4 {[%clk 00:11:46]  [%emt 00:02:11]} 40... g6 { [%clk 00:26:14]  [%emt
00:00:38]} 41. Rd2 {[%clk 00:08:31]  [%emt 00:03:45]} 41... Rd7 {[%clk
00:23:21]  [%emt 00:03:23]} 42. Rb2 { [%clk 00:06:52]  [%emt 00:02:08]} 42...
Kf7 {[%clk 00:23:10]  [%emt 00:00:41]} 43. Rf2+ {[%clk 00:05:17]  [%emt
00:02:05]} 43... Kg7 { [%clk 00:23:19]  [%emt 00:00:21]} 44. Rf6 {[%clk
00:04:39]  [%emt 00:01:09]} 44... Nc7 {[%clk 00:23:35]  [%emt 00:00:14]} 45.
Rf3 { [%clk 00:02:47]  [%emt 00:02:21]} 45... Kh6 {[%clk 00:22:29]  [%emt
00:01:37]} 46. Rb3 {[%clk 00:01:10]  [%emt 00:02:06]} 46... Na6 { [%clk
00:21:27]  [%emt 00:01:31]} 47. Rf3 {[%clk 00:29:49]  [%emt 00:01:53]} 47...
Kh5 {[%clk 00:51:21]  [%emt 00:00:36]} 48. Rf6 { [%clk 00:28:41]  [%emt
00:01:38]} 48... Nc7 {[%clk 00:50:50]  [%emt 00:01:01]} 49. Rf4 {[%clk
00:28:06]  [%emt 00:01:05]} 49... g5 { [%clk 00:49:41]  [%emt 00:01:39]} 50.
hxg5 {[%clk 00:27:17]  [%emt 00:01:19]} 50... Kxg5 {[%clk 00:50:03]  [%emt
00:00:08]} 51. Re4 { [%clk 00:25:02]  [%emt 00:02:45]} 51... h5 {[%clk
00:50:12]  [%emt 00:00:21]} 52. Kc3 {[%clk 00:24:08]  [%emt 00:01:24]} 52... h4
{ [%clk 00:50:15]  [%emt 00:00:27]} 53. Kc2 {[%clk 00:23:34]  [%emt 00:01:04]}
53... h3 {[%clk 00:50:21]  [%emt 00:00:25]} 54. Re1 { [%clk 00:23:12]  [%emt
00:00:51]} 54... Kg4 {[%clk 00:50:32]  [%emt 00:00:19]} 55. Rg1+ {[%clk
00:22:08]  [%emt 00:01:35]} 55... Kf3 { [%clk 00:50:53]  [%emt 00:00:08]} 56.
Rg6 {[%emt 00:00:45]} 56... Rh7 { [%clk 00:51:07]} 57. Rf6+ {[%clk 00:22:02] 
[%emt 00:00:38]} 57... Ke2 { [%clk 00:51:20]  [%emt 00:00:17]} 58. Rg6 {[%clk
00:22:01]  [%emt 00:00:31]} 58... h2 {[%clk 00:51:38]  [%emt 00:00:11]} 0-1

[Event "DVM U20w 2020"]
[Site "Willingen GER"]
[Date "2021.06.26"]
[Round "6"]
[White "Peglau, Charis"]
[Black "Wolterink, Jule"]
[Result "1/2-1/2"]
[Termination "normal"]
[Board "2.4"]
[WhiteElo "1726"]
[BlackElo "1441"]
[WhiteClock "00:07:36"]
[BlackClock "00:04:40"]
[WhiteTeam "Schachzentrum Seeblick e. V."]
[BlackTeam "SK Nordhorn-Blanke"]
[PlyCount "90"]
[WhiteFideId "16219996"]
[BlackFideId "12981206"]
[EventCountry "GER"]
[EventRounds "7"]
[EventType "team-swiss"]
[EventDate "2021.06.23"]

1. d4 {[%clk 01:30:57]  [%emt 00:00:02]} 1... d5 { [%clk 01:30:55]  [%emt
00:00:06]} 2. c4 {[%clk 01:31:21]  [%emt 00:00:05]} 2... e6 {[%clk 01:31:13] 
[%emt 00:00:12]} 3. Nc3 {[%clk 01:31:20]  [%emt 00:00:31]} 3... Nf6 {[%clk
01:31:34]  [%emt 00:00:09]} 4. Nf3 { [%clk 01:31:27]  [%emt 00:00:24]} 4... Be7
{[%clk 01:31:43]  [%emt 00:00:20]} 5. Bf4 {[%clk 01:31:31]  [%emt 00:00:26]}
5... dxc4 { [%clk 01:32:01]  [%emt 00:00:13]} 6. e3 {[%clk 01:31:36]  [%emt
00:00:25]} 6... a6 {[%clk 01:32:17]  [%emt 00:00:14]} 7. Bxc4 {[%clk 01:30:35] 
[%emt 00:01:32] } 7... b5 {[%clk 01:32:34]  [%emt 00:00:12]} 8. Be2 { [%clk
01:30:07]  [%emt 00:00:58]} 8... Bb7 {[%clk 01:32:48]  [%emt 00:00:17]} 9. O-O
{[%clk 01:29:33]  [%emt 00:01:03]} 9... O-O { [%clk 01:33:08]  [%emt 00:00:10]}
10. Rc1 {[%clk 01:29:03]  [%emt 00:00:59]} 10... Nbd7 {[%clk 01:32:32]  [%emt
00:01:07]} 11. Qc2 { [%clk 01:15:19]  [%emt 00:14:14]} 11... c5 {[%clk
01:28:05]  [%emt 00:04:58]} 12. dxc5 {[%clk 01:14:44]  [%emt 00:01:05]} 12...
Nxc5 { [%clk 01:28:28]  [%emt 00:00:07]} 13. Rfd1 {[%clk 01:14:53]  [%emt
00:00:20]} 13... Qb6 {[%clk 01:28:15]  [%emt 00:00:44]} 14. b4 { [%clk
01:02:13]  [%emt 00:13:10]} 14... Nce4 {[%clk 01:21:17]  [%emt 00:07:28]} 15.
Nxe4 {[%clk 00:55:02]  [%emt 00:07:40]} 15... Bxe4 { [%clk 01:15:55]  [%emt
00:05:52]} 16. Qb2 {[%clk 00:54:12]  [%emt 00:01:20]} 16... Rac8 {[%clk
01:12:45]  [%emt 00:03:40]} 17. Be5 { [%clk 00:49:11]  [%emt 00:05:31]} 17...
Qb7 {[%clk 01:00:31]  [%emt 00:12:44]} 18. a3 {[%clk 00:48:37]  [%emt
00:01:04]} 18... Rxc1 { [%clk 00:55:14]  [%emt 00:05:47]} 19. Rxc1 {[%clk
00:48:11]  [%emt 00:00:56]} 19... Rc8 {[%clk 00:55:25]  [%emt 00:00:19]} 20. h3
{ [%clk 00:40:59]  [%emt 00:07:41]} 20... Rxc1+ {[%clk 00:48:20]  [%emt
00:07:36] } 21. Qxc1 {[%clk 00:40:12]  [%emt 00:01:17]} 21... Qc6 { [%clk
00:47:01]  [%emt 00:01:49]} 22. Qxc6 {[%clk 00:39:50]  [%emt 00:00:52]} 22...
Bxc6 {[%clk 00:47:26]  [%emt 00:00:05]} 23. Nd2 { [%clk 00:38:40]  [%emt
00:01:39]} 23... Kf8 {[%clk 00:40:10]  [%emt 00:07:47]} 24. Nb3 {[%clk
00:35:01]  [%emt 00:04:09]} 24... Nd7 { [%clk 00:38:54]  [%emt 00:01:46]} 25.
Bd4 {[%clk 00:34:50]  [%emt 00:00:42]} 25... Bd5 {[%clk 00:38:29]  [%emt
00:00:54]} 26. Bd1 { [%clk 00:32:24]  [%emt 00:02:56]} 26... g6 {[%clk
00:31:50]  [%emt 00:07:09]} 27. f3 {[%clk 00:30:52]  [%emt 00:02:01]} 27... Bd6
{ [%clk 00:29:20]  [%emt 00:03:00]} 28. Kf2 {[%clk 00:30:20]  [%emt 00:01:02]}
28... Ke7 {[%clk 00:29:12]  [%emt 00:00:39]} 29. e4 { [%clk 00:30:12]  [%emt
00:00:38]} 29... Bc4 {[%clk 00:27:57]  [%emt 00:01:46]} 30. Na5 {[%clk
00:29:58]  [%emt 00:00:43]} 30... Be5 { [%clk 00:22:08]  [%emt 00:06:19]} 31.
Nc6+ {[%clk 00:24:32]  [%emt 00:05:55]} 31... Kd6 {[%clk 00:22:08]  [%emt
00:00:30]} 32. Nxe5 { [%clk 00:23:15]  [%emt 00:01:48]} 32... Nxe5 {[%clk
00:22:29]  [%emt 00:00:09]} 33. f4 {[%clk 00:21:41]  [%emt 00:02:04]} 33...
Nd3+ { [%clk 00:21:26]  [%emt 00:01:33]} 34. Ke3 {[%clk 00:21:39]  [%emt
00:00:31]} 34... e5 {[%clk 00:17:41]  [%emt 00:04:15]} 35. fxe5+ { [%clk
00:20:18]  [%emt 00:01:52]} 35... Nxe5 {[%clk 00:17:58]  [%emt 00:00:13]} 36.
g3 {[%clk 00:19:20]  [%emt 00:01:27]} 36... Bf1 { [%clk 00:16:11]  [%emt
00:02:17]} 37. Bxe5+ {[%clk 00:16:35]  [%emt 00:03:15]} 37... Kxe5 {[%clk
00:16:35]  [%emt 00:00:06]} 38. Bb3 { [%clk 00:15:37]  [%emt 00:01:28]} 38...
Bxh3 {[%clk 00:10:06]  [%emt 00:06:59]} 39. Bxf7 {[%clk 00:16:00]  [%emt
00:00:07]} 39... Bc8 { [%clk 00:10:11]  [%emt 00:00:26]} 40. Bb3 {[%clk
00:08:15]  [%emt 00:08:14]} 40... Bb7 {[%clk 00:07:47]  [%emt 00:02:54]} 41.
Bc2 { [%clk 00:07:56]  [%emt 00:00:49]} 41... h5 {[%clk 00:07:23]  [%emt
00:00:54]} 42. Bd3 {[%clk 00:07:31]  [%emt 00:00:55]} 42... g5 { [%clk
00:06:27]  [%emt 00:01:26]} 43. Be2 {[%clk 00:07:05]  [%emt 00:00:56]} 43... h4
{[%clk 00:05:00]  [%emt 00:01:57]} 44. gxh4 { [%clk 00:07:19]  [%emt 00:00:16]}
44... gxh4 {[%clk 00:05:24]  [%emt 00:00:06]} 45. Bf3 {[%clk 00:07:36]  [%emt
00:00:13]} 45... Bc6 { [%clk 00:04:40]  [%emt 00:01:14]} 1/2-1/2

[Event "DVM U20w 2020"]
[Site "Willingen GER"]
[Date "2021.06.26"]
[Round "6"]
[White "Ley, Sabrina"]
[Black "Arnhold, Steffi"]
[Result "0-1"]
[Termination "normal"]
[Board "3.1"]
[WhiteElo "1866"]
[BlackElo "2031"]
[WhiteClock "00:01:52"]
[BlackClock "00:07:44"]
[WhiteTeam "SC Landskrone"]
[BlackTeam "SC Bavaria Regensburg von 1881 e.V."]
[PlyCount "78"]
[WhiteFideId "12938130"]
[BlackFideId "12931365"]
[EventCountry "GER"]
[EventRounds "7"]
[EventType "team-swiss"]
[EventDate "2021.06.23"]

1. e4 {[%clk 01:30:57]  [%emt 00:00:03]} 1... c5 { [%clk 01:30:52]  [%emt
00:00:08]} 2. Nc3 {[%clk 01:31:18]  [%emt 00:00:09]} 2... e6 {[%clk 01:31:15] 
[%emt 00:00:07]} 3. Nge2 { [%clk 01:31:24]  [%emt 00:00:24]} 3... a6 {[%clk
01:30:30]  [%emt 00:01:15]} 4. g3 {[%clk 01:30:35]  [%emt 00:01:19]} 4... Nc6 {
[%clk 01:30:33]  [%emt 00:00:27]} 5. Bg2 {[%clk 01:30:29]  [%emt 00:00:35]}
5... Nge7 {[%clk 01:29:56]  [%emt 00:01:07]} 6. O-O { [%clk 01:30:42]  [%emt
00:00:18]} 6... g6 {[%clk 01:28:25]  [%emt 00:02:00]} 7. d3 {[%clk 01:30:44] 
[%emt 00:00:28]} 7... Bg7 { [%clk 01:27:47]  [%emt 00:01:08]} 8. f4 {[%clk
01:30:44]  [%emt 00:00:30]} 8... d6 {[%clk 01:27:07]  [%emt 00:01:10]} 9. g4
{[%clk 01:28:23]  [%emt 00:02:52]} 9... f5 {[%clk 01:22:01]  [%emt 00:05:36]}
10. gxf5 { [%clk 01:26:15]  [%emt 00:02:38]} 10... exf5 {[%clk 01:20:59]  [%emt
00:01:31]} 11. Ng3 {[%clk 01:26:12]  [%emt 00:00:33]} 11... O-O { [%clk
01:18:24]  [%emt 00:03:05]} 12. Nd5 {[%clk 01:20:32]  [%emt 00:06:10]} 12...
Ra7 {[%clk 01:04:59]  [%emt 00:13:55]} 13. c4 { [%clk 01:14:54]  [%emt
00:06:08]} 13... b5 {[%clk 01:01:55]  [%emt 00:03:34]} 14. Nxe7+ {[%clk
00:57:07]  [%emt 00:18:17]} 14... Nxe7 { [%clk 01:00:32]  [%emt 00:01:53]} 15.
cxb5 {[%clk 00:46:39]  [%emt 00:10:59]} 15... axb5 {[%clk 01:00:56]  [%emt
00:00:05]} 16. Qb3+ { [%clk 00:41:30]  [%emt 00:05:39]} 16... c4 {[%clk
00:49:30]  [%emt 00:11:56]} 17. dxc4 {[%clk 00:37:46]  [%emt 00:04:15]} 17...
bxc4 { [%clk 00:49:35]  [%emt 00:00:24]} 18. Qxc4+ {[%clk 00:34:54]  [%emt
00:03:22]} 18... d5 {[%clk 00:42:42]  [%emt 00:07:23]} 19. Qb3 { [%clk
00:16:17]  [%emt 00:19:07]} 19... Rb7 {[%clk 00:42:40]  [%emt 00:00:32]} 20.
Qc2 {[%clk 00:15:59]  [%emt 00:00:49]} 20... fxe4 { [%clk 00:40:17]  [%emt
00:02:52]} 21. Rb1 {[%clk 00:14:52]  [%emt 00:01:37]} 21... Nf5 {[%clk
00:36:56]  [%emt 00:03:52]} 22. Nxf5 { [%clk 00:11:25]  [%emt 00:03:57]} 22...
Bxf5 {[%clk 00:36:50]  [%emt 00:00:35]} 23. Qe2 {[%clk 00:09:45]  [%emt
00:02:11]} 23... Re8 { [%clk 00:23:37]  [%emt 00:13:42]} 24. b4 {[%clk
00:09:06]  [%emt 00:01:09]} 24... Qb6+ {[%clk 00:20:20]  [%emt 00:03:48]} 25.
Kh1 { [%clk 00:09:15]  [%emt 00:00:21]} 25... d4 {[%clk 00:19:59]  [%emt
00:00:51]} 26. Qc4+ {[%clk 00:06:49]  [%emt 00:02:56]} 26... Kh8 { [%clk
00:20:10]  [%emt 00:00:18]} 27. Re1 {[%clk 00:06:18]  [%emt 00:01:01]} 27...
Rc7 {[%clk 00:19:12]  [%emt 00:01:28]} 28. Qb3 { [%clk 00:06:14]  [%emt
00:00:35]} 28... e3 {[%clk 00:18:37]  [%emt 00:01:04]} 29. Qa4 {[%clk 00:06:05]
 [%emt 00:00:39]} 29... Rec8 { [%clk 00:15:39]  [%emt 00:03:28]} 30. Ra1 {[%clk
00:04:28]  [%emt 00:02:07]} 30... Rc4 {[%clk 00:10:41]  [%emt 00:05:28]} 31. a3
{ [%clk 00:04:36]  [%emt 00:00:23]} 31... Bc2 {[%clk 00:09:16]  [%emt
00:01:54]} 32. Qd7 {[%clk 00:04:02]  [%emt 00:01:04]} 32... Bf5 { [%clk
00:08:53]  [%emt 00:00:53]} 33. Qa4 {[%clk 00:03:19]  [%emt 00:01:13]} 33...
Rc2 {[%clk 00:08:23]  [%emt 00:01:00]} 34. Bf3 { [%clk 00:01:14]  [%emt
00:02:35]} 34... Qe6 {[%clk 00:07:05]  [%emt 00:01:49]} 35. Re2 {[%clk
00:00:44]  [%emt 00:01:00]} 35... Rxc1+ { [%clk 00:06:52]  [%emt 00:00:42]} 36.
Rxc1 {[%clk 00:01:11]  [%emt 00:00:03]} 36... Rxc1+ {[%clk 00:07:15]  [%emt
00:00:07]} 37. Kg2 { [%clk 00:01:34]  [%emt 00:00:07]} 37... Bh3+ {[%clk
00:07:02]  [%emt 00:00:43]} 38. Kg3 {[%clk 00:01:49]  [%emt 00:00:16]} 38...
Rg1+ { [%clk 00:07:21]  [%emt 00:00:10]} 39. Kh4 {[%clk 00:01:52]  [%emt
00:00:27]} 39... Bf6# {[%clk 00:07:44]  [%emt 00:00:07]} 0-1